000
00307nam a22001217a 4500
082
_a
174.4
_b
GAA/B
100
_a
POONAM GANDHI
245
_a
BUSINESS STUDIES
_b
A TEXTBOOK FOR CLASS XI
260
_a
DELHI
_b
DHANPAT RAI & CO
_c
2008
300
_a
342
650
_a
BUSINESS STUDIES FOR CLASS XI
_z
INDIA
942
_c
BK
999
_c
551
_d
551